00000000nam##2200000za#4500
0019.594140
003CaOODSP
00520210624202239
007cr |||||||||||
008150406|2006||||xxc|||||o    f|0| 0 fre|d
040 |aCaOODSP|bfre
043 |an-cn---
0861 |aBT31-4/43-2006F-PDF
1101 |aCanada. |bConseil du trésor.
24510|aRessources humaines et Développement des compétences Canada et Développement social Canada, budget principal des dépenses, 2005 - 2006, rapport ministériel sur le rendement |h[ressource électronique]
260 |bSecrétariat du Conseil du Trésor du Canada |c2006.
300 |a223p.|borganigramme, tableaux, photographies
4901 |aRapport sur le rendement pour la période se terminant le 31 mars 2006
5203 |aLes rapports ministériels sur le rendement font partie du Budget des dépenses préparé par le gouvernement du Canada chaque année à l’appui des autorisations de dépenser demandées au Parlement pour l’affectation des fonds publics. Chaque rapport met l’accent sur la reddition de comptes, comparant les réalisations avec les attentes et les engagements établis plus tôt dans le Rapport sur les plans et priorités du ministère. Les rapports ministériels sur le rendement tiennent compte de l’accent sur le citoyen des programmes du gouvernement, établissant le contexte stratégique, les risques et les défis liés au respect des engagements, et les liens entre les ressources que le ministère utilise et les avantages qu’elles ont apportés aux Canadiens et à la société canadienne.
590 |a06-49|b2006-12-08
69107|aDéveloppement social|2gcpds
69107|aÉvaluation du rendement|2gcpds
69107|aHabiletés|2gcpds
69107|aMinistère du gouvernement fédéral|2gcpds
69107|aRessources humaines|2gcpds
77508|tHuman Resources and Skills Development Canada and Social Development Canada, 2005 - 2006 estimates, a departmental performance report |w(CaOODSP)9.561544
7760#|tHuman Resources and Social Development Canada |w(CaOODSP)9.543412
7760#|tRessources humaines et Développement social Canada |w(CaOODSP)9.543413
830#0|aRapport sur le rendement pour la période se terminant le 31 mars 2006.|w(CaOODSP)9.501542
85640|ahttp://publications.gc.ca|qPDF|s1697 Ko|uhttps://publications.gc.ca/collections/Collection/BT31-4-43-2006F.pdf